Normal view
MARC view
- Corps of Engineers
Entry Topical Term
001 - CONTROL NUMBER
- control field: 107030
003 - CONTROL NUMBER IDENTIFIER
- control field: NUST
005 - DATE AND TIME OF LATEST TRANSACTION
- control field: 20230119095711.0
008 - FIXED-LENGTH DATA ELEMENTS
- fixed length control field: 230119|| aca||aabn | a|a d
040 ## - CATALOGING SOURCE
- Original cataloging agency: NUST
- Transcribing agency: NUST
150 ## - HEADING--TOPICAL TERM
- Topical term or geographic name entry element: Corps of Engineers
670 ## - SOURCE DATA FOUND
- Source citation: Work cat.: (NUST)185689: Hussain Syed Shujaat 6678, History of the Corps of Engineers Pakistan Army, 1989
